Estudio de nuevos farmacos con actividad antitrombotica / Francisco Garza Deschamps (Registro nro. 26786)
[ vista simple ]
| 000 -LÍDER | |
|---|---|
| fixed length control field | 00443nam a2200121 4500 |
| 050 ## - SIGNATURA TOPOGRAFICA DE LA BIBLIOTECA DEL CONGRESO (LC) | |
| Número de Clasificación | TP155 MR5 G3 2011 |
| 082 ## - NUMERO DE CLASIFICACION DECIMAL DEWEY | |
| Número de Clasificación | 615.74 G3e |
| 100 ## - ASIENTO PRINCIPAL--NOMBRE PERSONAL | |
| Nombre personal | Garza Deschamps, Francisco |
| 245 ## - TÍTULO | |
| Título | Estudio de nuevos farmacos con actividad antitrombotica / Francisco Garza Deschamps |
| 300 ## - DESCRIPCIÓN FÍSICA | |
| Extensión | 44 p. / 29 cm |
| 502 ## - NOTA DE TESIS | |
| Nota de tesis | Memoria de residencia profesional. Opción x. I.T.Z. (Bioquímica) M.C. Manuel de Jesús Granados Baeza |
| 650 ## - ASIENTO SECUNDARIO DE MATERIA - TERMINO TEMÁTICO | |
| Término temático o nombre geográfico como elemento de entrada | 1. FARMACOLOGÍA |
| No. biblioteca | No. biblioteca | Número de clasificación | Código de barras/Número de adquisición | Número de copia | Tipo de material |
|---|---|---|---|---|---|
| TESIS BIOQUÍMICA | TESIS BIOQUÍMICA | 615.74 G3e | B2-2011 | 1 | Tesis |
